Fluctuations and localization in mesoscopic electron systems

Gorde:
Xehetasun bibliografikoak
Egile nagusia:  Janssen, Martin
Formatua: Sách
Hizkuntza:Undetermined
Argitaratua:  World Scientific  2001
Gaiak:
Etiketak: Etiketa erantsi
Etiketarik gabe, Izan zaitez lehena erregistro honi etiketa jartzen!
Thư viện lưu trữ: Trung tâm Thư viện - Trường Đại học Công nghiệp TP. Hồ Chí Minh
LEADER 00499nam a2200157Ia 4500
001 UIH_07763
008 231011s9999 xx 000 0 und d
082 |a  530.41 
100 |a  Janssen, Martin 
245 0 |a  Fluctuations and localization in mesoscopic electron systems 
245 0 |c  Janssen, Martin 
260 |b  World Scientific 
260 |c  2001 
650 |a  Vật lý;  
927 |a Sách 
980 |a Trung tâm Thư viện - Trường Đại học Công nghiệp TP. Hồ Chí Minh